ملامح من حضارة الفيوم : القبطية والإسلامية والطبيعية / Malāmiḥ min ḥaḍārat al-Fayyūm : al-Qibṭīyah wa-al-Islāmīyah wa-al-ṭabīʻīyah

محفوظ في:

المؤلف الرئيسي: ʻĀʼishah al-Tihāmī.

التنسيق: كتاب

اللغة: Undetermined

منشور في: Al-Qāhirah : Dār al-ʻĀlam al-ʻArabī, 2008.

سلاسل: Silsilat al-ʻUlūm al-Ijtimāʻīyah (Dār al-ʻĀlam al-ʻArabi)

الموضوعات:

الوسوم: إضافة وسم

لا توجد وسوم, كن أول من يضع وسما على هذه التسجيلة!

رقم الطلب: DT137 .F2 T55

LEADER 00801nam a2200193Ia 4500
008 240329s9999||||xx |||||||||||||| ||und||
020 |a 9789774204641 
050 4 |a DT137 .F2 T55 
100 1 |a ʻĀʼishah al-Tihāmī. 
245 1 0 |a ملامح من حضارة الفيوم : القبطية والإسلامية والطبيعية / Malāmiḥ min ḥaḍārat al-Fayyūm : al-Qibṭīyah wa-al-Islāmīyah wa-al-ṭabīʻīyah  |c ʻĀʼishah al-Tihāmī 
264 1 |a Al-Qāhirah :  |b Dār al-ʻĀlam al-ʻArabī,  |c 2008. 
300 |a 184  |b illustrations, maps  |c 24 
490 0 |a Silsilat al-ʻUlūm al-Ijtimāʻīyah (Dār al-ʻĀlam al-ʻArabi) 
650 |a Egypt Fayyūm 
650 |a Fayyūm (Egypt) Geography 
650 |a Fayyūm (Egypt) History 
650 |a Geography 
942 |2 lcc  |c BK 
999 |c 57815  |d 57815